书目信息 |
| 题名: |
怎样阅读电气工程图
|
|
| 作者: | 何村民 编 | |
| 分册: | ||
| 出版信息: | 北京 中国建筑工业出版社 1995.08 |
|
| 页数: | 353页 | |
| 开本: | 16开 | |
| 丛书名: | ||
| 单 册: | ||
| 中图分类: | TM92 | |
| 科图分类: | ||
| 主题词: | 电气化 , 电能--应用 | |
| 电子资源: | ||
| ISBN: | 7-112-02486-2 | |
| 000 | 00620nam0 2200217 45 | |
| 001 | 0002240840 | |
| 005 | 20000924110326.2 | |
| 010 | @a7-112-02486-2@d24.00元 | |
| 100 | @a20000224d1995 km y0chiy0120 ea | |
| 101 | @achi | |
| 105 | @a z 000yy | |
| 200 | 1 | @a怎样阅读电气工程图@AZen Yang Yue Du Dian Qi Gong Cheng Tu@f何村民,尹金英编@FHe Cun Min,Yin Jin Ying Bian |
| 205 | @a2 | |
| 210 | @a北京@c中国建筑工业出版社@d1995.08 | |
| 215 | @a353页@d16开 | |
| 606 | 0 | @a电气化 |
| 606 | 0 | @a电能@x应用 |
| 690 | @aTM92@v3 | |
| 701 | @a何村民@4编 | |
| 801 | @aCN@bPftUser@c20000224 | |
| 905 | @dTM92@eH523-1@b152595-599@f5 | |
| 怎样阅读电气工程图/何村民,尹金英编.-2.-北京:中国建筑工业出版社,1995.08 |
| 353页;16开 |
| ISBN 7-112-02486-2:24.00元 |
| ● |
| 相关链接 |
|
|
|
正题名:怎样阅读电气工程图
索取号:TM92/H523-1
 
预约/预借
| 序号 | 登录号 | 条形码 | 馆藏地/架位号 | 状态 | 备注 |
| 1 | 152595 | 201525956 | 自科二线504/504自科库 11排1列4层/ [索取号:TM92/H523-1] | 在馆 | |
| 2 | 152597 | 201525974 | 自科二线504/504自科库 11排1列4层/ [索取号:TM92/H523-1] | 在馆 | |
| 3 | 152598 | 201525983 | 自科二线504/504自科库 11排1列4层/ [索取号:TM92/H523-1] | 在馆 | |
| 4 | 152599 | 201525992 | 自科二线504/504自科库 11排1列4层/ [索取号:TM92/H523-1] | 在馆 |